Least Guessed Island Countries - Statistics

General Stats
  • This quiz has been taken 40 times
  • The average score is 10 of 15
Answer Stats
Percent Countries % Correct
83% Kiribati
89%
87% Dominica
83%
87% Nauru
83%
85% Maldives
80%
85% Cyprus
71%
85% Grenada
71%
81% Papua NewGuinea
71%
85% Taiwan
69%
85% Madagascar
63%
81% Brunei
60%
87% Haiti
60%
81% East Timor
57%
87% Singapore
57%
79% Philippines
54%
83% Bahrain
49%
No matching quizzes found
Score Distribution
Percent of People with Each Score
Percentile by Number Answered
Your Score History
You have not taken this quiz